On the Development of Heritage Science in Estonia

Titel: On the Development of Heritage Science in Estonia / Lilian Hansar
Verfasser:
Festschrift für:
In: Baltic journal of art history, Band 25 (2023), Seite 185-190
alle Artikel anzeigen
Veröffentlicht: 2023
Umfang: Illustrationen
Format: Aufsatz
Sprache: Englisch
Schlagworte:
Kein Bild verfügbar
X
alg: 51580969
001A    $03025:26-02-24 
001B    $01999:26-02-24 $t22:47:23.000 
001D    $03025:26-02-24 
001U    $0utf8 
001X    $00 
002@    $0Aou 
002C    $aText $btxt $2rdacontent 
002D    $aohne Hilfsmittel zu benutzen $bn $2rdamedia 
002E    $aBand $bnc $2rdacarrier 
003@    $0515809691 
007A    $0515809691 $aHEB 
010@    $aeng 
010E    $erda 
011@    $a2023 
013D    $RRede $RPanegyrikus $#Eulogies $#Éloges $#Lobrede Laudatio $#Preisrede $#Eloge $74339326-3 $8Laudatio [Ts1] $9088144879 
021A    $aOn the Development of Heritage Science in Estonia $hLilian Hansar 
028A    $BVerfasser $4aut $71019511885 $8Hansar, Lilian$Z1949- [Tp3] $9289360625 
028C    $BGefeierter $#Majste, Ju. G. $#Majste, Juchan Gustavovič $4hnr $7131823744 $8Maiste, Juhan$Z1952- [Tp1] $9179329022 
031A    $d25 $g6 $h185-190 $j2023 
034M    $aIllustrationen 
039B    $aEnthalten in $8--Abvc--. Baltic journal of art history. - Tartu : Univ. of Tartu Press, 2009-. - ISSN 1736-8812 $x202300000250000815 $9224987135 
044K    $#Majste, Ju. G. $#Majste, Juchan Gustavovič $7131823744 $8Maiste, Juhan$Z1952- [Tp1] $9179329022 
044K    $RBaltische Technische Hochschule $RTartuskij Gosudarstvennyj Universitet $#Eesti Vabariigi Tartu Ülikool $#E. V. Tartu Ülikool $#Universitas Tartuensis $#Universitas Dorpatensis Tartu Ülikool $#Tartuskij universitet Tartu Ülikool $#Universitet Tartu Ülikool $#Tartu University $#University Tartu $#National University Tartu $#Tartu Riiklik Ülikool Tartu Ülikool $#TRÜ $#Universität Dorpat Tartu Ülikool $#Université de Tartu $#Université Tartu Ülikool $#Universitas Litterarum Tartuensis Tartu Ülikool $#Universität Tartu Tartu Ülikool $#Tartu Üniversitesi $#TÜ $#University of Tartu $#Тартуский университет $7501114-0 $8Tartu Ülikool [Tb1] $9041426738 
044K    $RKunstgeschichtsschreibung $RKunsthistorikerin $#Art historians $#Historiens de l'art $#Historiadores del arte $#Kunstschriftsteller $#Kunstwissenschaftler $74033654-2 $8Kunsthistoriker [Ts1] $9085089915 
045F    $a709.47980904 $eDDC23BSB 
045F/01 $a709 
045F/03 $f0904 
045F/03 $f0905 
045F/03 $g4798 
045T    $a9,10 

lok: 51580969 78

exp: 51580969 78 1 #EPN
201B/01 $026-02-24 $t11:33:49.000 
201C/01 $026-02-24 
201U/01 $0utf8 
203@/01 $0125689754X 
208@/01 $a26-02-24 $be 
209A/01 $a/ $f000 $x00 
209A/01 $ab*p $x01 
220C/01 $akoe 
247C/01 $82080>Marburg/Lahn, Herder-Institut, Forschungsbibliothek, Bibliographieportal $9336309341
LEADER 00000caa a2200000 c 4500
001 515809691
003 DE-603
005 20240226224723.0
007 tu
008 240226s2023 xx |||| | u00||u|eng c
035 |a (DE-599)HEB515809691 
040 |a DE-603  |b ger  |c DE-603  |d DE-603  |e rda 
041 |a eng 
082 0 4 |8 1\u  |a 709.47980904  |q DE-101  |2 23/BSB 
084 |a 9,10  |2 ssgn 
085 |8 1\u  |b 709 
085 |8 1\u  |z 1  |s 0904 
085 |8 1\u  |z 1  |s 0905 
085 |8 1\u  |z 2  |s 4798 
100 1 |a Hansar, Lilian  |d 1949-  |e Verfasser  |4 aut  |0 (DE-603)289360625  |0 (DE-588)1019511885  |2 gnd 
245 0 0 |a On the Development of Heritage Science in Estonia  |c Lilian Hansar 
264 0 |c 2023 
300 |b Illustrationen 
336 |a Text  |b txt  |2 rdacontent 
337 |a ohne Hilfsmittel zu benutzen  |b n  |2 rdamedia 
338 |a Band  |b nc  |2 rdacarrier 
600 1 7 |a Maiste, Juhan  |d 1952-  |0 (DE-588)131823744  |0 (DE-603)179329022  |2 gnd 
610 1 7 |a Tartu Ülikool  |2 gnd  |0 (DE-588)501114-0  |0 (DE-603)041426738 
650 7 |a Kunsthistoriker  |0 (DE-588)4033654-2  |0 (DE-603)085089915  |2 gnd 
655 7 |a Laudatio  |2 gnd-content  |0 (DE-588)4339326-3  |0 (DE-603)088144879 
700 1 |a Maiste, Juhan  |d 1952-  |e Gefeierter  |4 hnr  |0 (DE-603)179329022  |0 (DE-588)131823744  |2 gnd 
773 0 8 |i Enthalten in  |t Baltic journal of art history  |d Tartu : Univ. of Tartu Press, 2009-  |h 24 cm  |x 1736-8812  |g Band 25 (2023), Seite 185-190  |w (DE-603)224987135  |w (DE-600)2563410-0 
924 0 |9 2080  |a (DE-603)125689754X  |b DE-2080  |c HES  |d d  |g /